000 00576nam a22001937a 4500
999 _c2584
_d2584
003 AR-CdUCM
008 190305b ||||| |||| 00| 0 spa d
020 _a950-511-370-6
040 _aMUNICIPALIDAD PROVINCIAL DEL CUSCO
_cBIBLIOTECA MUNICIPAL DEL CUSCO
082 _a866 /
_bR21
100 _aRamírez, Sergio
_99132
245 _aMargarita, está linda la mar /
260 _aSantiago de Chile :
_bSantillana ;
_c1998.
300 _a373 páginas
_c21cm
505 _aLiteratura - cartas
650 _aLiteratura española
_9193
942 _2ddc
_cLIBROS
945 _anom